000 01480cam a2200133 4500500
005 20260329023228.0
041 _afre
042 _adc
100 1 0 _aBraudel, Fernand
_eauthor
245 0 0 _aCivilisation matérielle, économie et capitalisme : Tome 2 - Les jeux de l'échange
260 _bArmand Colin,
_c2022.
520 _aLes trois volumes de Civilisation matérielle, économie et capitalisme nous plongent dans l'histoire du monde du XVe au XVIIIe siècle, un extraordinaire voyage à travers le temps et l'espace des civilisations humaines. C'est aussi une réflexion magistrale sur la nature et le rôle de ce capitalisme, acteur toujours plus essentiel des sociétés de l’époque médiévale et moderne. Ce deuxième volume, Les jeux de l’échange, analyse les modalités économiques, depuis le troc élémentaire jusqu’au capitalisme le plus sophistiqué. L’activité économique se développe avec les colporteurs et les marchands, les échoppes et les boutiques, les marchés et les foires, mais aussi avec les grandes compagnies qui commercent au loin et les Bourses, à l’origine des « économie-mondes ». Mais la confrontation croissante du marché de marché avec le capitalisme fait naître les inégalités au sein de société, toujours plus confrontées à la concurrence et à la spéculation.
856 4 1 _uhttps://shs.cairn.info/civilisation-materielle-economie-et-capitalisme--9782200633417?lang=fr&redirect-ssocas=7080
999 _c1925651
_d1925651